| 000 | 00676nam a2200217 a 4500 | ||
|---|---|---|---|
| 001 | SSB062519 | ||
| 005 | 20140924150703.0 | ||
| 008 | |||
| 020 | _a9789381460108 | ||
| 050 |
_aTX 911.3.M27 _b.K163 2013 |
||
| 100 | _aKaul, Ajay. | ||
| 245 | 0 |
_aHospitatlity logistics management / _cAjay Kaul. |
|
| 260 |
_aNew Delhi : _cCentrum Press, _bc2013. |
||
| 300 |
_aviii, 256 pages ; _c23 cm. |
||
| 504 | _aIncludes bibliographical references and index. | ||
| 521 | _aTourism | ||
| 650 |
_aHospitality industry _xManagement. |
||
| 650 |
_aBusiness logistics _xManagement. |
||
| 650 | _aBusiness logistics. | ||
| 942 |
_2lcc _cBK _kFOR |
||
| 999 |
_c275597 _d275597 |
||